| 000 | 00548nam a2200193Ia 4500 | ||
|---|---|---|---|
| 001 | 19062 | ||
| 003 | GE_BSU | ||
| 008 | 181216s||||||||xx |||||||||||||| ||und|| | ||
| 040 | _cGE_BSU | ||
| 245 | _aПсихология обучения, №1 январь, 2016. | ||
| 245 | _cГл. ред. Т. Н. Березина и др. | ||
| 260 | _aМосква | ||
| 260 | _bизд-во СГУ | ||
| 260 | _c2016 | ||
| 300 | _a120стр,24см | ||
| 653 | _aПсихология обучения | ||
| 653 | _aპერიოდიკა | ||
| 942 | _cCR | ||
| 999 |
_c52057 _d52057 |
||